| 000 | 00682nam a2200229 u 4500 | ||
|---|---|---|---|
| 005 | 20240806064024.0 | ||
| 008 | 170201s1985 r 000 0 eng d | ||
| 020 | _a9682200512 | ||
| 035 | _aUPN01000215738 | ||
| 049 | _aCG | ||
| 050 | 4 |
_aPR6013 R4.4 _bF3.3a |
|
| 100 | 1 |
_aGreene, Graham, _d1904-1991 _928382 |
|
| 245 | 1 | 0 |
_aFactor humano / _cGraham Greene ; tr. de Irís Menéndez. |
| 260 |
_aMéxico : _bSeix Barral, _cc1985. |
||
| 300 | _a317 p. | ||
| 440 | 0 |
_aLiteratura contemporánea Seix Barral ; _v20 |
|
| 534 |
_pTitulo original: _tThe human factor |
||
| 650 | 4 |
_aNovela inglesa _94471 |
|
| 650 | 4 |
_aLiteratura inglesa _95228 |
|
| 905 | _aLibro | ||
| 999 |
_c187838 _d187838 |
||